[Event "SVK-chT1W 2122"]
[Site "Slovakia"]
[Date "2022.03.20"]
[Round "6.2"]
[White "Schwarz, Dusan"]
[Black "Turna, Stefan"]
[Result "1-0"]
[WhiteElo "2295"]
[BlackElo "2172"]
[PlyCount "81"]
[EventDate "2021.11.06"]
[EventType "team-tourn"]
[EventRounds "11"]
[EventCountry "SVK"]
[SourceTitle "EXT 2023"]
[Source "ChessBase"]
[SourceDate "2022.10.05"]
[SourceVersion "1"]
[SourceVersionDate "2022.10.05"]
[SourceQuality "1"]
[WhiteTeam "Bratislava Doprastav"]
[BlackTeam "Bratislava Slovan III"]
[WhiteTeamCountry "SVK"]
[BlackTeamCountry "SVK"]

1. d4 Nf6 2. c4 e6 3. Nc3 Bb4 4. f3 c5 5. d5 d6 6. e4 exd5 7. cxd5 a6 8. Nge2 b5 9. a4 bxa4 10. Qxa4+ Nbd7 11. Qc6 Rb8 12. Qxd6 c4 13. Qc6 0-0 14. Bf4 Rb7 15. Qxc4 Nh5 16. Be3 a5 17. Rd1 f5 18. f4 fxe4 19. g3 Nb6 20. Qa2 Bg4 21. Bg2 Bxe2 22. Kxe2 Qc8 23. Rc1 Rbf7 24. Nxe4 Qa6+ 25. Kf2 Nf6 26. Nxf6+ Rxf6 27. Rhd1 Nd7 28. Rc6 Qb5 29. Rxf6 Nxf6 30. Bf3 Bc5 31. Bxc5 Qxc5+ 32. Kg2 Qc2+ 33. Kh3 Qf5+ 34. Kg2 Qc2+ 35. Kg1 Ne4 36. Rf1 Nd2 37. Rf2 Re8 38. d6+ Kh8 39. Qd5 Qc1+ 40. Kg2 Nc4 41. d7 1-0

[Event "SVK-chT2A 1819"]
[Site "Slovakia"]
[Date "2019.02.03"]
[Round "7.3"]
[White "Janos, Ivan"]
[Black "Turna, Stefan"]
[Result "1-0"]
[WhiteElo "2109"]
[BlackElo "2176"]
[PlyCount "80"]
[EventDate "2018.10.13"]
[EventType "team-tourn"]
[EventRounds "11"]
[EventCountry "SVK"]
[SourceTitle "CBM 189 Extra"]
[Source "ChessBase"]
[SourceDate "2019.06.03"]
[SourceVersion "1"]
[SourceVersionDate "2019.06.03"]
[SourceQuality "1"]
[WhiteTeam "Krasnany"]
[BlackTeam "Bratislava Slovan V"]
[WhiteTeamCountry "SVK"]
[BlackTeamCountry "SVK"]

1. e4 c5 2. Nf3 e6 3. d3 Nc6 4. g3 g6 5. Bg2 Bg7 6. 0-0 Rb8 7. Nbd2 Nge7 8. Re1 d6 9. Nf1 b5 10. c3 b4 11. d4 bxc3 12. bxc3 0-0 13. Bg5 Ba6 14. Qd2 Re8 15. Bh6 Bh8 16. Ng5 e5 17. d5 Na5 18. f4 Nc4 19. Qf2 Rb2 20. Qf3 Bc8 21. Re2 Rb7 22. Nd2 Nxd2 23. Rxd2 f6 24. fxe5 fxg5 25. exd6 Qxd6 26. Rf1 Nf5 27. exf5 Rf7 28. Re2 Be5 29. Bxg5 Rxf5 30. Bf4 g5 31. Qh5 Qg6 32. Qxg6+ hxg6 33. Bh3 gxf4 34. Bxf5 Bxf5 35. Rfe1 Bd4+ 36. cxd4 Rxe2 37. Rxe2 cxd4 38. gxf4 d3 39. Rd2 Be4 40. Kf2 Bxd5 1-0

[Event "SVK-chT2A 1718"]
[Site "Slovakia"]
[Date "2018.03.18"]
[Round "11.4"]
[White "Mandak, Miroslav"]
[Black "Turna, Stefan"]
[Result "1/2-1/2"]
[WhiteElo "1962"]
[BlackElo "2190"]
[PlyCount "78"]
[EventDate "2017.10.28"]
[EventType "team-tourn"]
[EventRounds "11"]
[EventCountry "SVK"]
[SourceTitle "EXT 2020"]
[Source "ChessBase"]
[SourceDate "2019.10.17"]
[SourceVersion "1"]
[SourceVersionDate "2019.10.17"]
[SourceQuality "1"]
[WhiteTeam "Krasnany"]
[BlackTeam "Bratislava Slovan V"]
[WhiteTeamCountry "SVK"]
[BlackTeamCountry "SVK"]

1. e4 c5 2. Nc3 d6 3. Nge2 Nf6 4. g3 g6 5. Bg2 Bg7 6. 0-0 Nc6 7. Nd5 0-0 8. d3 Bg4 9. h3 Bxe2 10. Qxe2 Nd4 11. Nxf6+ Bxf6 12. Qd1 e5 13. Be3 Ne6 14. c3 Rb8 15. a4 b6 16. Qd2 a5 17. Bf3 Bg5 18. Bg2 Bxe3 19. Qxe3 b5 20. axb5 Rxb5 21. Ra2 Qb6 22. Qd2 Rb8 23. Rb1 Qc7 24. Bf1 R5b7 25. h4 Kg7 26. Bh3 Nd8 27. Bf1 Nc6 28. Be2 Qe7 29. Kh2 Qe6 30. Ra3 f5 31. Bf3 fxe4 32. Bxe4 d5 33. Bg2 Rf7 34. Raa1 Rbf8 35. Rf1 Qd6 36. Kg1 Rb8 37. Rfb1 Rd8 38. Qe2 Re7 39. Re1 Rb8 1/2-1/2

[Event "SVK-chT2A 1516"]
[Site "Slovakia"]
[Date "2016.02.13"]
[Round "8.1"]
[White "Turna, Stefan"]
[Black "Cech, Dominik"]
[Result "0-1"]
[WhiteElo "2190"]
[BlackElo "2109"]
[PlyCount "72"]
[EventDate "2015.10.17"]
[EventType "team-tourn"]
[EventRounds "11"]
[EventCountry "SVK"]
[SourceTitle "EXT 2017"]
[Source "ChessBase"]
[SourceDate "2016.10.25"]
[SourceVersion "1"]
[SourceVersionDate "2016.10.25"]
[SourceQuality "1"]
[WhiteTeam "Bratislava Slovan IV"]
[BlackTeam "Bratislava Doprastav II"]
[WhiteTeamCountry "SVK"]
[BlackTeamCountry "SVK"]

1. d4 Nf6 2. c4 g6 3. Nc3 Bg7 4. e4 d6 5. Bg5 Na6 6. Nf3 0-0 7. Be2 Qe8 8. 0-0 e5 9. d5 h6 10. Be3 Ng4 11. Bd2 f5 12. Ne1 Nf6 13. Qc1 f4 14. Nd3 g5 15. c5 g4 16. cxd6 cxd6 17. Nxf4 exf4 18. Bxf4 Nxe4 19. Nxe4 Qxe4 20. Bxh6 Qg6 21. Bxg7 Kxg7 22. Qc3+ Kg8 23. Bxa6 bxa6 24. Rae1 Bf5 25. Re7 Rac8 26. Qe3 Rc2 27. f4 Rxb2 28. Re1 Rxa2 29. Rxa7 Ra4 30. Re7 Rb4 31. Qd2 Rc4 32. Qa2 Rxf4 33. R7e6 Bxe6 34. dxe6 Re8 35. e7+ Qf7 36. Qd2 Rxe7 0-1

[Event "SVK-chT1W 1415"]
[Site "Slovakia"]
[Date "2015.01.10"]
[Round "5.4"]
[White "Turna, Stefan"]
[Black "Federic, Pavol"]
[Result "0-1"]
[WhiteElo "2207"]
[BlackElo "2175"]
[PlyCount "82"]
[EventDate "2014.10.18"]
[EventType "team-tourn"]
[EventRounds "11"]
[EventCountry "SVK"]
[SourceTitle "EXT 2016"]
[Source "ChessBase"]
[SourceDate "2015.10.08"]
[SourceVersion "1"]
[SourceVersionDate "2015.10.08"]
[SourceQuality "1"]
[WhiteTeam "Bratislava Slovan III"]
[BlackTeam "Modra"]
[WhiteTeamCountry "SVK"]
[BlackTeamCountry "SVK"]

1. d4 d5 2. c4 c6 3. Nc3 Nf6 4. Nf3 g6 5. g3 Bg7 6. Bg2 0-0 7. 0-0 Nbd7 8. Ne5 Nxe5 9. dxe5 Ng4 10. cxd5 Nxe5 11. Qb3 cxd5 12. Nxd5 e6 13. Nc3 Qe7 14. Bf4 Nc6 15. Rad1 Nd4 16. Qc4 e5 17. Nd5 Qd8 18. Be3 Be6 19. Bxd4 exd4 20. Qc5 Kh8 21. Nf4 Bxa2 22. Bxb7 Rb8 23. Qxa7 Bc4 24. Qc5 Bb3 25. Bg2 Bxd1 26. Rxd1 Rxb2 27. e3 Qb8 28. exd4 Rc8 29. Qd5 Rb1 30. Rxb1 Qxb1+ 31. Bf1 Kg8 32. Ne6 Bf6 33. Kg2 Re8 34. Nc7 Rd8 35. Qf3 Bxd4 36. Bc4 Rd7 37. Qa8+ Kg7 38. Qc6 Qf5 39. f3 Qc2+ 40. Kh3 Re7 41. Qd5 Bg1 0-1

[Event "SVK-chT1W 1314"]
[Site "Slovakia"]
[Date "2014.03.02"]
[Round "9.3"]
[White "Pallag, Gergely"]
[Black "Turna, Stefan"]
[Result "1/2-1/2"]
[WhiteElo "2075"]
[BlackElo "2217"]
[PlyCount "125"]
[EventDate "2013.10.12"]
[EventType "team-tourn"]
[EventRounds "11"]
[EventCountry "SVK"]
[SourceTitle "EXT 2015"]
[Source "ChessBase"]
[SourceDate "2014.11.20"]
[SourceVersion "1"]
[SourceVersionDate "2014.11.20"]
[SourceQuality "1"]
[WhiteTeam "Komarno"]
[BlackTeam "Bratislava Slovan III"]
[WhiteTeamCountry "SVK"]
[BlackTeamCountry "SVK"]

1. d4 Nf6 2. Bg5 d5 3. Bxf6 gxf6 4. e3 c5 5. Nc3 Nc6 6. dxc5 e6 7. Qf3 Bxc5 8. 0-0-0 Bd7 9. Nge2 Rc8 10. Nf4 Ne5 11. Qg3 Ng6 12. Bd3 f5 13. h4 Qf6 14. Ncxd5 exd5 15. Nxd5 Qe5 16. Qxe5+ Nxe5 17. Nf6+ Ke7 18. Nxd7 Nxd7 19. Bxf5 Rc7 20. c3 Nb6 21. Kc2 Kf6 22. Be4 Ke5 23. Bf3 Be7 24. g3 h6 25. Rd3 Rd8 26. Rhd1 Rd6 27. Rxd6 Bxd6 28. Rd4 f5 29. Bg2 Nd7 30. Rd5+ Ke6 31. Rb5 b6 32. Bh3 Bc5 33. e4 a6 34. exf5+ Kf6 35. Rb3 Bxf2 36. Rb4 Bxg3 37. Rg4 Bf2 38. Rg6+ Ke5 39. Re6+ Kf4 40. Rxh6 Ne5 41. f6 Nf7 42. Rh5 Rc6 43. Rf5+ Kg3 44. Bf1 Bd4 45. Bxa6 Bxf6 46. h5 Nh6 47. Rd5 Kf4 48. Bd3 Ng4 49. Kb3 Be5 50. Rd8 Kg5 51. Rg8+ Kf4 52. Rg6 Rxg6 53. hxg6 Nf2 54. Bc2 Ke3 55. Kc4 Kd2 56. Bf5 Kc1 57. b4 Kb2 58. a4 Nd1 59. Kb5 Nxc3+ 60. Kxb6 Nxa4+ 61. Kc6 Nc3 62. b5 Nxb5 63. Kxb5 1/2-1/2

[Event "SVK-chT1W 1314"]
[Site "Slovakia"]
[Date "2013.12.14"]
[Round "5.6"]
[White "Turna, Stefan"]
[Black "Orosi, Peter"]
[Result "1/2-1/2"]
[WhiteElo "2217"]
[BlackElo "2065"]
[PlyCount "83"]
[EventDate "2013.10.12"]
[EventType "team-tourn"]
[EventRounds "11"]
[EventCountry "SVK"]
[SourceTitle "EXT 2015"]
[Source "ChessBase"]
[SourceDate "2014.11.20"]
[SourceVersion "1"]
[SourceVersionDate "2014.11.20"]
[SourceQuality "1"]
[WhiteTeam "Bratislava Slovan III"]
[BlackTeam "Bratislava Doprastav II"]
[WhiteTeamCountry "SVK"]
[BlackTeamCountry "SVK"]

1. d4 d5 2. c4 c6 3. Nc3 Nf6 4. Nf3 dxc4 5. a4 Bf5 6. Ne5 e6 7. Nxc4 Bb4 8. a5 0-0 9. Bg5 Nbd7 10. e3 h6 11. Bh4 b5 12. axb6 axb6 13. Be2 Rxa1 14. Qxa1 Qa8 15. 0-0 Qb7 16. Qa4 Be7 17. e4 g5 18. exf5 gxh4 19. fxe6 fxe6 20. Ne5 b5 21. Qc2 Nxe5 22. dxe5 Nh7 23. Qg6+ Kh8 24. Qxe6 Bg5 25. Ne4 Qg7 26. Rd1 Bf4 27. Qxc6 Qxe5 28. g3 hxg3 29. hxg3 Qxb2 30. Bxb5 Bg5 31. f4 Bxf4 32. gxf4 Rg8+ 33. Ng5 hxg5 34. f5 Qe5 35. Qd5 Qg3+ 36. Qg2 Qxg2+ 37. Kxg2 Rf8 38. Rd5 Kg7 39. Bd3 Nf6 40. Rd6 Rf7 41. Kf3 Rd7 42. Rxd7+ 1/2-1/2

[Event "SVK-chT1W 1314"]
[Site "Slovakia"]
[Date "2013.11.16"]
[Round "3.5"]
[White "Turna, Stefan"]
[Black "Szitkey, Milan"]
[Result "1/2-1/2"]
[WhiteElo "2217"]
[BlackElo "2149"]
[PlyCount "68"]
[EventDate "2013.10.12"]
[EventType "team-tourn"]
[EventRounds "11"]
[EventCountry "SVK"]
[SourceTitle "EXT 2015"]
[Source "ChessBase"]
[SourceDate "2014.11.20"]
[SourceVersion "1"]
[SourceVersionDate "2014.11.20"]
[SourceQuality "1"]
[WhiteTeam "Bratislava Slovan III"]
[BlackTeam "Trnava Lokomotiva"]
[WhiteTeamCountry "SVK"]
[BlackTeamCountry "SVK"]

1. d4 d5 2. c4 e6 3. Nc3 Nf6 4. Nf3 c6 5. Bg5 Nbd7 6. e3 Be7 7. Rc1 0-0 8. Qc2 h6 9. Bh4 a6 10. Bd3 dxc4 11. Bxc4 b5 12. Bd3 c5 13. 0-0 Bb7 14. Bxf6 Nxf6 15. dxc5 Bxc5 16. a4 b4 17. Ne4 Bb6 18. Rfd1 Rc8 19. Qb1 Qe7 20. Nxf6+ Qxf6 21. Bh7+ Kh8 22. Be4 Rxc1 23. Rxc1 Bxe4 24. Qxe4 Qxb2 25. Rb1 Rc8 26. g3 Rc1+ 27. Rxc1 Qxc1+ 28. Kg2 b3 29. Qa8+ Kh7 30. Qe4+ g6 31. Qf4 Qc7 32. Qb4 Qc2 33. Qf8 Qc7 34. Qb4 Qc2 1/2-1/2

[Event "Tatry op"]
[Site "Tatranske Zruby"]
[Date "2012.09.28"]
[Round "7"]
[White "Marek, Matyas"]
[Black "Turna, Stefan"]
[Result "0-1"]
[WhiteElo "1965"]
[BlackElo "2208"]
[PlyCount "92"]
[EventDate "2012.09.23"]
[EventType "swiss"]
[EventRounds "9"]
[EventCountry "SVK"]
[SourceTitle "CBM 150 Extra"]
[Source "ChessBase"]
[SourceDate "2012.10.19"]
[SourceVersion "1"]
[SourceVersionDate "2012.10.19"]
[SourceQuality "1"]

1. e4 c5 2. Nf3 d6 3. d4 cxd4 4. Nxd4 Nf6 5. Nc3 e6 6. g4 a6 7. h3 b5 8. g5 Nfd7 9. Bg2 Bb7 10. 0-0 Nb6 11. f4 b4 12. Nce2 d5 13. e5 g6 14. Kh1 Qc7 15. b3 N8d7 16. Be3 Nc5 17. Ng3 Ne4 18. Qe1 h6 19. gxh6 Be7 20. Nxe4 dxe4 21. Qf2 Nd5 22. Kh2 Nc3 23. Ne2 Nxe2 24. Qxe2 Rc8 25. Rac1 Rxh6 26. Bd4 g5 27. Qg4 Rh4 28. Qg3 g4 29. f5 exf5 30. Rxf5 Qd7 31. Qf2 gxh3 32. Bh1 Qe6 33. Rf1 Bd5 34. Rg1 Rh8 35. Rg7 Rf8 36. Rh5 e3 37. Bxe3 Bxh1 38. Kxh1 Qd5+ 39. Kh2 Qd1 40. Qf5 Rxc2+ 41. Kxh3 Qh1+ 42. Kg4 Rg2+ 43. Kf3 Qf1+ 44. Ke4 Qxf5+ 45. Kxf5 Rxg7 46. Bh6 Rh7 0-1

[Event "Tatry op"]
[Site "Tatranske Zruby"]
[Date "2012.09.27"]
[Round "6"]
[White "Turna, Stefan"]
[Black "Sosovicka, Matej"]
[Result "1/2-1/2"]
[WhiteElo "2208"]
[BlackElo "2035"]
[PlyCount "75"]
[EventDate "2012.09.23"]
[EventType "swiss"]
[EventRounds "9"]
[EventCountry "SVK"]
[SourceTitle "CBM 150 Extra"]
[Source "ChessBase"]
[SourceDate "2012.10.19"]
[SourceVersion "1"]
[SourceVersionDate "2012.10.19"]
[SourceQuality "1"]

1. d4 d5 2. c4 c6 3. Nc3 Nf6 4. Nf3 e6 5. Bg5 h6 6. Bh4 dxc4 7. e4 g5 8. Bg3 b5 9. Be2 Nbd7 10. 0-0 Bb7 11. Qc2 Qb6 12. a4 a6 13. Rfe1 Bg7 14. axb5 cxb5 15. d5 exd5 16. exd5 0-0 17. h4 g4 18. Ne5 Nxe5 19. Bxe5 Nxd5 20. Bxg4 Nxc3 21. Qxc3 Qg6 22. Bh3 Rfe8 23. Rad1 Bxe5 24. Rxe5 Qg7 25. f4 Rxe5 26. fxe5 Re8 27. Re1 Rd8 28. Re3 Rd1+ 29. Kh2 Rd3 30. Rxd3 cxd3 31. Qd4 Qg6 32. e6 fxe6 33. Qd8+ Kh7 34. Qd7+ Qg7 35. Qxd3+ Kh8 36. Qd8+ Kh7 37. Qd3+ Kh8 38. Qd8+ 1/2-1/2

[Event "Tatry op"]
[Site "Tatranske Zruby"]
[Date "2012.09.25"]
[Round "4"]
[White "Turna, Stefan"]
[Black "Petran, Peter"]
[Result "1/2-1/2"]
[WhiteElo "2208"]
[BlackElo "2277"]
[PlyCount "92"]
[EventDate "2012.09.23"]
[EventType "swiss"]
[EventRounds "9"]
[EventCountry "SVK"]
[SourceTitle "CBM 150 Extra"]
[Source "ChessBase"]
[SourceDate "2012.10.19"]
[SourceVersion "1"]
[SourceVersionDate "2012.10.19"]
[SourceQuality "1"]

1. d4 g6 2. e4 Bg7 3. Nc3 c6 4. Be3 d6 5. Qd2 b5 6. Bd3 Nd7 7. Nf3 Nb6 8. e5 Bg4 9. exd6 exd6 10. Ng5 Ne7 11. h3 Bf5 12. Nge4 0-0 13. g4 Be6 14. Bh6 Ned5 15. Bxg7 Kxg7 16. Ne2 h6 17. 0-0-0 Nf6 18. N2g3 Bd5 19. Rhe1 Bxe4 20. Nxe4 Nxe4 21. Rxe4 d5 22. Re5 Nd7 23. Re2 Qf6 24. c3 Rfe8 25. Rde1 Rxe2 26. Rxe2 Qf3 27. Re3 Qf6 28. Re2 a5 29. f4 Rd8 30. Qe3 Nf8 31. g5 hxg5 32. fxg5 Qd6 33. Rf2 Nd7 34. Be2 Qe6 35. Qxe6 fxe6 36. Bg4 Re8 37. Kc2 c5 38. Kd3 c4+ 39. Ke3 Re7 40. h4 Re8 41. Kd2 Re7 42. Ke3 Re8 43. Kd2 Re7 44. h5 gxh5 45. Re2 Kf7 46. Bxh5+ Kg7 1/2-1/2

[Event "Tatry op"]
[Site "Tatranske Zruby"]
[Date "2012.09.24"]
[Round "2"]
[White "Turna, Stefan"]
[Black "Schwarz, Dusan"]
[Result "0-1"]
[WhiteElo "2208"]
[BlackElo "2305"]
[PlyCount "82"]
[EventDate "2012.09.23"]
[EventType "swiss"]
[EventRounds "9"]
[EventCountry "SVK"]
[SourceTitle "CBM 150 Extra"]
[Source "ChessBase"]
[SourceDate "2012.10.19"]
[SourceVersion "1"]
[SourceVersionDate "2012.10.19"]
[SourceQuality "1"]

1. d4 d5 2. c4 c6 3. Nf3 Nf6 4. Qc2 dxc4 5. Qxc4 Bf5 6. Nc3 e6 7. g3 Nbd7 8. Bg2 Be7 9. 0-0 0-0 10. Bg5 h6 11. Bxf6 Bxf6 12. e4 Bg4 13. e5 Be7 14. Rad1 Qa5 15. Rfe1 Rfd8 16. h3 Bf5 17. g4 Bg6 18. Qe2 Nb6 19. a3 Nd5 20. Nxd5 cxd5 21. Rc1 Rac8 22. Qe3 Be4 23. Rxc8 Rxc8 24. Rc1 Rc7 25. b4 Qb6 26. Rc3 a5 27. bxa5 Qxa5 28. Rxc7 Qxc7 29. Ne1 Bxg2 30. Kxg2 Qc4 31. Nf3 b5 32. h4 Qa4 33. Qd3 g6 34. Qc3 Qxa3 35. Qc8+ Bf8 36. Qb8 Qd3 37. h5 gxh5 38. gxh5 b4 39. Qd8 b3 40. Nh2 b2 41. Ng4 Qe4+ 0-1

[Event "SVK-chT1W 1112"]
[Site "Slovakia"]
[Date "2012.02.04"]
[Round "8.3"]
[White "Maros, Milan"]
[Black "Turna, Stefan"]
[Result "1-0"]
[WhiteElo "2336"]
[BlackElo "2218"]
[PlyCount "65"]
[EventDate "2011.10.15"]
[EventType "team-tourn"]
[EventRounds "11"]
[EventCountry "SVK"]
[SourceTitle "EXT 2013"]
[Source "ChessBase"]
[SourceDate "2012.11.22"]
[SourceVersion "1"]
[SourceVersionDate "2012.11.22"]
[SourceQuality "1"]
[WhiteTeam "Nitra"]
[BlackTeam "Bratislava Slovan III"]
[WhiteTeamCountry "SVK"]
[BlackTeamCountry "SVK"]

1. d4 Nf6 2. Nc3 d5 3. Bg5 Bf5 4. e3 e6 5. Bd3 Bxd3 6. Qxd3 c5 7. Qb5+ Nbd7 8. Qxb7 Rb8 9. Qxa7 cxd4 10. Qxd4 Rxb2 11. Nge2 Bc5 12. Qd1 Qa5 13. 0-0 0-0 14. Bxf6 gxf6 15. a4 Ne5 16. Nb5 Rb4 17. c3 Rc4 18. Ned4 Ra8 19. Nb3 Qb6 20. Nd2 Rg4 21. Nd4 Rg6 22. Qe2 Qb2 23. N2b3 Ba3 24. Ra2 Qxe2 25. Nxe2 Nc4 26. Rfa1 Bb2 27. Rb1 Ba3 28. Rba1 Bb2 29. Rb1 Ba3 30. Nbd4 e5 31. Nb5 f5 32. Ng3 Rf6 33. Nxa3 1-0

[Event "SVK-chT1W 1112"]
[Site "Slovakia"]
[Date "2012.01.08"]
[Round "7.3"]
[White "Turna, Stefan"]
[Black "Klemanic, Emil"]
[Result "1/2-1/2"]
[WhiteElo "2218"]
[BlackElo "2194"]
[PlyCount "143"]
[EventDate "2011.10.15"]
[EventType "team-tourn"]
[EventRounds "11"]
[EventCountry "SVK"]
[SourceTitle "EXT 2013"]
[Source "ChessBase"]
[SourceDate "2012.11.22"]
[SourceVersion "1"]
[SourceVersionDate "2012.11.22"]
[SourceQuality "1"]
[WhiteTeam "Bratislava Slovan III"]
[BlackTeam "Pezinok"]
[WhiteTeamCountry "SVK"]
[BlackTeamCountry "SVK"]

1. d4 Nf6 2. c4 e5 3. d5 Bc5 4. e3 d6 5. Nc3 0-0 6. Qc2 Re8 7. Bd3 c6 8. Nf3 Bg4 9. Nd2 Bh5 10. 0-0 Bg6 11. Bxg6 hxg6 12. Nde4 Nxe4 13. Nxe4 cxd5 14. cxd5 Bb6 15. Bd2 f5 16. Nc3 Nd7 17. Nb5 Rc8 18. Qd1 Nc5 19. Rc1 Qd7 20. Qe2 a6 21. Na3 e4 22. Nc4 Bd8 23. b3 Nd3 24. Rb1 b5 25. Na5 Bxa5 26. Bxa5 Qb7 27. f3 Qxd5 28. fxe4 Qxe4 29. Rbd1 Nc5 30. Rxd6 Nb7 31. Rxa6 Rc2 32. Qf3 Rxa2 33. Qxe4 Rxe4 34. Ra8+ Kf7 35. Ra7 Rxa5 36. Rxb7+ Kf6 37. Rb6+ Re6 38. Rxe6+ Kxe6 39. Kf2 Ra2+ 40. Kf3 Rb2 41. Ra1 Rxb3 42. Ra6+ Kf7 43. Ra7+ Kg8 44. h4 Kh7 45. Rb7 Rb1 46. g4 Rb4 47. gxf5 gxf5 48. h5 Kh6 49. Rf7 Rb1 50. Kg2 g6 51. hxg6 Kxg6 52. Rb7 Kf6 53. Kf3 Ke5 54. Re7+ Kd6 55. Rf7 b4 56. Ke2 Ke5 57. Re7+ Kd6 58. Rf7 Rb2+ 59. Kd3 Rb3+ 60. Ke2 Ke6 61. Rb7 Ke5 62. Re7+ Kd6 63. Rf7 Ke6 64. Rb7 Rb1 65. Kd3 b3 66. Rb6+ Ke5 67. Rb5+ Kf6 68. Kc3 Rc1+ 69. Kd3 Rd1+ 70. Kc3 Re1 71. Kd2 Rb1 72. Kc3 1/2-1/2

[Event "SVK-chT1W 1112"]
[Site "Slovakia"]
[Date "2011.12.11"]
[Round "6.2"]
[White "Turna, Stefan"]
[Black "Rohacek, Miroslav"]
[Result "0-1"]
[WhiteElo "2218"]
[BlackElo "2297"]
[PlyCount "164"]
[EventDate "2011.10.15"]
[EventType "team-tourn"]
[EventRounds "11"]
[EventCountry "SVK"]
[SourceTitle "EXT 2013"]
[Source "ChessBase"]
[SourceDate "2012.11.22"]
[SourceVersion "1"]
[SourceVersionDate "2012.11.22"]
[SourceQuality "1"]
[WhiteTeam "Bratislava Slovan III"]
[BlackTeam "Budmerice"]
[WhiteTeamCountry "SVK"]
[BlackTeamCountry "SVK"]

1. d4 d5 2. c4 c6 3. Nc3 Nf6 4. Nf3 a6 5. e3 b5 6. b3 Bg4 7. Be2 Nbd7 8. 0-0 e6 9. Qc2 Be7 10. Rd1 0-0 11. Bb2 Qb6 12. e4 bxc4 13. bxc4 Nxe4 14. Na4 Qa5 15. h3 Bf5 16. Bd3 Rab8 17. Rac1 Bg6 18. cxd5 cxd5 19. Qc6 Nb6 20. Nxb6 Rxb6 21. Bc3 Nxc3 22. Qxc3 Qxc3 23. Rxc3 Bxd3 24. Rdxd3 Rb1+ 25. Kh2 Rb2 26. Rd2 Bd6+ 27. g3 Rxd2 28. Nxd2 Bb4 29. Rc2 Bxd2 30. Rxd2 Rb8 31. Kg2 Rb4 32. Kf3 Ra4 33. Ke3 Kf8 34. Rb2 Ke7 35. h4 Kf6 36. f3 h5 37. g4 hxg4 38. fxg4 g5 39. Rf2+ Kg6 40. hxg5 Kxg5 41. Rxf7 Ra3+ 42. Ke2 Rxa2+ 43. Ke3 Ra3+ 44. Ke2 a5 45. Rg7+ Kf6 46. Ra7 Rg3 47. Rxa5 Rxg4 48. Ke3 Kf5 49. Ra6 Rg1 50. Rb6 Rg3+ 51. Kd2 Rh3 52. Ra6 Rh6 53. Ke3 Rg6 54. Rb6 Kg4 55. Ra6 Rh6 56. Rb6 Rh3+ 57. Kd2 Kf5 58. Ra6 Ke4 59. Rxe6+ Kxd4 60. Re7 Rh2+ 61. Kc1 Kd3 62. Rg7 Rh1+ 63. Kb2 Re1 64. Rg3+ Kd2 65. Rg4 Re4 66. Rg2+ Re2 67. Rg4 Kd3+ 68. Kc1 Re1+ 69. Kb2 d4 70. Rg7 Kd2 71. Rg2+ Re2 72. Rg1 d3 73. Rh1 Rf2 74. Rg1 Rh2 75. Rg7 Rh8 76. Rg2+ Ke3 77. Rg3+ Ke2 78. Rg2+ Kf3 79. Rd2 Ke3 80. Kc1 Rh1+ 81. Rd1 Rxd1+ 82. Kxd1 d2 0-1

[Event "SVK-chT1W 1011"]
[Site "Slovakia"]
[Date "2010.12.12"]
[Round "4.3"]
[White "Brestak, Jan"]
[Black "Turna, Stefan"]
[Result "0-1"]
[WhiteElo "2149"]
[BlackElo "2245"]
[PlyCount "88"]
[EventDate "2010.11.06"]
[EventType "team-tourn"]
[EventRounds "11"]
[EventCountry "SVK"]
[SourceTitle "EXT 2012"]
[Source "ChessBase"]
[SourceDate "2011.11.24"]
[SourceVersion "1"]
[SourceVersionDate "2011.11.24"]
[SourceQuality "1"]
[WhiteTeam "Nove Zamky"]
[BlackTeam "Bratislava Slovan III"]
[WhiteTeamCountry "SVK"]
[BlackTeamCountry "SVK"]

1. e4 c5 2. Nf3 d6 3. d4 cxd4 4. Nxd4 Nf6 5. Nc3 e6 6. Be3 a6 7. Qe2 b5 8. a3 Bb7 9. f3 Nc6 10. Qf2 Ne5 11. Nb3 Be7 12. Bb6 Qc8 13. Na5 0-0 14. Rd1 d5 15. Nxb7 Qxb7 16. Bd4 Nc6 17. Bd3 Nxd4 18. Qxd4 Rac8 19. b4 Qc7 20. Ne2 dxe4 21. fxe4 Ng4 22. h3 Bh4+ 23. Kf1 Rcd8 24. hxg4 Rxd4 25. Rxh4 Rdd8 26. Kf2 Qa7+ 27. Kf3 e5 28. Rdh1 h6 29. g5 f5 30. exf5 Rxd3+ 31. cxd3 Rxf5+ 32. Ke4 Rxg5 33. g4 Qf2 34. R1h2 Qf6 35. Ke3 Rg6 36. Kd2 Qg5+ 37. Kd1 Rd6 38. R4h3 Qxg4 39. Kc2 Qc8+ 40. Kb2 Qf5 41. Kc3 Qf1 42. Re3 Qe1+ 43. Kb3 Qb1+ 44. Kc3 Rc6+ 0-1

[Event "Tatry op"]
[Site "Tatranske Zruby"]
[Date "2010.10.09"]
[Round "9"]
[White "Turna, Stefan"]
[Black "Partys, Petr"]
[Result "1/2-1/2"]
[WhiteElo "2249"]
[BlackElo "2026"]
[PlyCount "33"]
[EventDate "2010.10.02"]
[EventType "swiss"]
[EventRounds "9"]
[EventCountry "SVK"]
[SourceTitle "CBM 138 Extra"]
[Source "ChessBase"]
[SourceDate "2010.10.29"]
[SourceVersion "1"]
[SourceVersionDate "2010.10.29"]
[SourceQuality "1"]

1. d4 Nf6 2. c4 e6 3. Nf3 c5 4. Nc3 cxd4 5. Nxd4 Nc6 6. g3 Bb4 7. Bg2 d5 8. 0-0 Bxc3 9. bxc3 0-0 10. Bg5 h6 11. Bxf6 Qxf6 12. cxd5 exd5 13. Bxd5 Bh3 14. Bg2 Bxg2 15. Kxg2 Rfd8 16. Qb3 Nxd4 17. cxd4 1/2-1/2

[Event "Tatry op"]
[Site "Tatranske Zruby"]
[Date "2010.10.07"]
[Round "7"]
[White "Turna, Stefan"]
[Black "Slovak, Pavel"]
[Result "1/2-1/2"]
[WhiteElo "2249"]
[BlackElo "2060"]
[PlyCount "46"]
[EventDate "2010.10.02"]
[EventType "swiss"]
[EventRounds "9"]
[EventCountry "SVK"]
[SourceTitle "CBM 138 Extra"]
[Source "ChessBase"]
[SourceDate "2010.10.29"]
[SourceVersion "1"]
[SourceVersionDate "2010.10.29"]
[SourceQuality "1"]

1. d4 e6 2. Nf3 c5 3. c4 cxd4 4. Nxd4 Nf6 5. Nc3 a6 6. g3 Qc7 7. Bg2 Be7 8. 0-0 0-0 9. Qa4 Nc6 10. Ndb5 Qa5 11. Qxa5 Nxa5 12. Nd4 Nxc4 13. Na4 d5 14. b3 Bd7 15. bxc4 Bxa4 16. Rb1 b5 17. cxb5 axb5 18. Nxb5 Bxb5 19. Rxb5 Rxa2 20. Bb2 Nd7 21. e4 dxe4 22. Bxe4 Bf6 23. Rd1 Rxb2 1/2-1/2

[Event "SVK-chT1W 0809"]
[Site "Slovakia"]
[Date "2009.02.08"]
[Round "9.2"]
[White "Turna, Stefan"]
[Black "Michalek, Michal"]
[Result "1-0"]
[WhiteElo "2147"]
[BlackElo "2221"]
[PlyCount "37"]
[EventDate "2008.10.18"]
[EventType "team-tourn"]
[EventRounds "11"]
[EventCountry "SVK"]
[SourceTitle "EXT 2010"]
[Source "ChessBase"]
[SourceDate "2010.11.25"]
[SourceVersion "1"]
[SourceVersionDate "2010.11.25"]
[SourceQuality "1"]
[WhiteTeam "Bratislava Slovan III"]
[BlackTeam "Povazska Bystrica Sparta"]
[WhiteTeamCountry "SVK"]
[BlackTeamCountry "SVK"]

1. d4 d5 2. c4 c6 3. Nc3 Nf6 4. Nf3 a6 5. g3 dxc4 6. Bg2 b5 7. Ne5 Bb7 8. a4 Qc8 9. e4 e6 10. Bg5 Nbd7 11. Nxd7 Qxd7 12. 0-0 Be7 13. e5 Nd5 14. Ne4 f6 15. exf6 Bxf6 16. Nc5 Qf7 17. Bxf6 Nxf6 18. Nxe6 Kd7 19. Bh3 1-0